Código de procedimientos penales expedido por el H. Congreso del Estado el 14 de diciembre de 1887

Detalles Bibliográficos
Autor Corporativo: Oaxaca (México). Código Penal
Formato: Libro
Lenguaje:Spanish
Publicado: Oaxaca : imprenta del Estado en la 2° de Murguía, núm. 9, 1895.
Edición:Segunda edición
Materias:
Colección:Banco de datos
Acervo:Universidad Autónoma Benito Juárez de Oaxaca. Biblioteca Francisco de Burgoa. Colección histórica
Descripción Física:III, 111, 6 p. ; 21 cm.
Tema general:Derecho penal
Notas:Portada tipográfica con plecas. Texto a renglón seguido con paginación en números arábigos y romanos y signaturas. Encuadernación en tela sobre cartón con lomo en piel. Sello en tinta de Heliodoro Díaz Quintas
LEADER 01019nam a22001930004500
035 |a 1709 
041 0 |a spa 
110 1 |a Oaxaca (México). Código Penal 
245 1 0 |a Código de procedimientos penales expedido por el H. Congreso del Estado el 14 de diciembre de 1887 
250 |a Segunda edición 
260 |a Oaxaca : imprenta del Estado en la 2° de Murguía, núm. 9, 1895. 
300 |a III, 111, 6 p. ; 21 cm.  
500 |a Portada tipográfica con plecas. Texto a renglón seguido con paginación en números arábigos y romanos y signaturas. Encuadernación en tela sobre cartón con lomo en piel. Sello en tinta de Heliodoro Díaz Quintas 
504 |a Al final de la obra está el índice de contenido 
650 1 0 |a Derecho penal 
852 |a Universidad Autónoma "Benito Juárez" de Oaxaca, Biblioteca Francisco de Burgoa, Colección histórica 12882 
942 |c BURHIS 
943 |g Universidad Autónoma Benito Juárez de Oaxaca. Biblioteca Francisco de Burgoa. Colección histórica 
999 |c 1120211  |d 1120211